Представление документа в формате MARC21

Поле Инд. ПП Название Значение
Тип записи m
Библиографический уровень m
001 Контрольный номер RU/LIBMSTU/337950603
005 Дата корректировки 20250317120207.2
008 Кодируемые данные 101025|||||||||ru |||||||||||||||||rus||
040 b Код языка каталог. rus
041 0_ a Код языка текста rus
084 a Индекс другой классификации/Индекс ББК 94+67.0
090 x Авторский знак Ш 28
100 1_ a Автор Шатина А. Б.
245 10 a Заглавие Историко-философские основы возникновения права
b Продолж. заглавия автореф. дис. ... канд. филос. наук : 09.00.03 "История философии"
c Ответственность Мурман. гос. техн. ун-т
h Физич. носитель Электронный ресурс
256 a Характеристики компьютерного файла Электрон. текстовые дан. (1 файл : 247 Кб)
260 a Место издания Мурманск
c Дата издания 2009
500 a Примечание URL: https://mstu.mauniver.ru/science/diss/k307_09_01/files/shatina.pdf
500 10 a Примечание Загл. с экрана
500 10 a Примечание Имеется печ. аналог 2009 г.
583 x Служебное примечание Полнотекстовые документы
x Служебное примечание Труды преподавателей МГТУ
650 04 a Основная рубрика Философия права-Авторефераты диссертаций
653 0_ a Ключевые слова Право
a Ключевые слова Труды преподавателей МГТУ
653 1_ a Ключевые слова Философия права
653 1_ a Ключевые слова Авторефераты диссертаций
653 1_ a Ключевые слова Возникновение права
653 1_ a Ключевые слова Происхождение права
653 1_ a Ключевые слова Правогенезис
653 1_ a Ключевые слова Правосознание
a Ключевые слова Электронные версии
856 40 u URL https://mstu.mauniver.ru/science/diss/k307_09_01/files/shatina.pdf
901 t Тип документа r